• 首页
  • 本馆介绍
  • 公告通知
  • 最新文献
  • 馆藏检索
  • 电子资源
  • 读者导购
  • 参考咨询
  • 我的图书馆
  • 登录
  • 详细信息显示
  • 放入我的书架
  • 预约/预借图书
  • 作者相关作品
  • 分类相关作品
  • 丛书相关作品
  • 出版社相关作品

书目信息

  • 表格格式
  • 工作单格式
  • 卡片格式
题名:
民事诉讼常见法律问题及疑难解决法条速查与文书范本
    
 
作者: ;法律出版社法规中心 编
分册:  
出版信息: 北京   法律出版社  2018
页数: 15,501页
开本: 23cm
丛书名:
单 册:
中图分类: D925.104 , D926.13
科图分类:
主题词: 民事诉讼法--基本知识--中国 , 民事诉讼法--法律文书--范文--中国
电子资源:
ISBN: 978-7-5197-1851-0
000 01039nam0 2200277 450
001 012001004462
005 20180929095407.42
010    @a978-7-5197-1851-0@dCNY78.00
100    @a20180612d2018 em y0chiy50 ea
101 0  @achi
102    @aCN@b110000
105    @ay zn 001yy
106    @ar
200 1  @a民事诉讼常见法律问题及疑难解决法条速查与文书范本@9min shi su song chang jian fa lv wen ti ji yi nan jie jue fa tiao su cha yu wen shu fan ben@f法律出版社法规中心编
205    @a2版
210    @a北京@c法律出版社@d2018
215    @a15,501页@d23cm
300    @a法条速查文书范本系列
330    @a本书根据常见民事诉讼法律问题,收录现行有效的相关法律法规和常用文书范本,并予以精要解读,以便广大读者充分利用法律文书实现自身合法权益。
606 0  @a民事诉讼法@x基本知识@y中国
606 0  @a民事诉讼法@x法律文书@x范文@y中国
690    @aD925.104@v5
690    @aD926.13@v5
711 02 @a法律出版社法规中心@9fa lv chu ban she fa gui zhong xin@4编
801  0 @aCN@b上海新华@c20180901
905    @b1170639-43@dD925.104@e925=2@f5
    
    民事诉讼常见法律问题及疑难解决法条速查与文书范本/法律出版社法规中心编.-2版.-北京:法律出版社,2018
    15,501页;23cm
    法条速查文书范本系列
    
    ISBN 978-7-5197-1851-0:CNY78.00
    本书根据常见民事诉讼法律问题,收录现行有效的相关法律法规和常用文书范本,并予以精要解读,以便广大读者充分利用法律文书实现自身合法权益。
●
相关链接 在E读中查询图书 在五车中查询图书 在当当中查询图书 在豆瓣中查询图书


正题名:民事诉讼常见法律问题及疑难解决法条速查与文书范本     索取号:D925.104/925=2         预约/预借

序号 登录号 条形码 馆藏地/架位号 状态 备注
1 1170639   211706395   第一样本阅览室/ [索取号:D925.104/925=2] 在馆    
2 1170640   211706402   第一借阅区/ [索取号:D925.104/925=2] 在馆    
3 1170641   211706411   第一借阅区/ [索取号:D925.104/925=2] 在馆    
4 1170642   211706420   第一借阅区/ [索取号:D925.104/925=2] 在馆    
5 1170643   211706439   密集书库-史法系/ [索取号:D925.104/925=2] 在馆    
唐山师范学院图书馆 欢迎您!
大连网信软件有限公司© 版权所有